Western Bulldogs Players 2021 - Statistics

General Stats
  • This quiz has been taken 72 times
  • The average score is 24 of 42
Answer Stats
Number Answer % Correct
6 Bailey Smith
96%
4 Marcus Bontempelli
96%
1 Adam Treloar
84%
11 Jack Macrae
84%
37 Roarke Smith
82%
35 Caleb Daniel
80%
19 Cody Weightman
80%
5 Josh Dunkley
80%
44 Tim English
78%
33 Aaron Naughton
76%
10 Easton Wood
71%
17 Josh Bruce
71%
3 Mitch Wallis
71%
7 Lachie Hunter
69%
31 Bailey Dale
67%
22 Jamarra Ugle-Hagan
62%
21 Tom Liberatore
62%
8 Stefan Martin
60%
12 Zaine Cordy
60%
42 Alex Keath
58%
34 Bailey Williams
58%
2 Lewis Young
58%
39 Jason Johannisen
56%
14 Rhylee West
53%
9 Hayden Crozier
51%
46 Lin Jong
51%
13 Josh Schache
49%
20 Ed Richards
44%
27 Patrick Lipinski
44%
15 Taylor Duryea
44%
24 Buku Khamis
42%
30 Lachlan McNeil
42%
23 Laitham Vandermeer
42%
29 Mitch Hannan
42%
16 Toby McLean
42%
43 Ryan Gardner
38%
41 Jordon Sweet
33%
38 Riley Garcia
33%
26 Dominic Bedendo
31%
25 Ben Cavarra
29%
18 Louis Butler
24%
32 Will Hayes
24%
No matching quizzes found
Score Distribution
Percent of People with Each Score
Percentile by Number Answered
Your Score History
You have not taken this quiz